TEXT BOOK FOR MIDWIVES (Record no. 4021)

MARC details
000 -LEADER
fixed length control field 00349nam a2200145Ia 4500
008 - FIXED-LENGTH DATA ELEMENTS--GENERAL INFORMATION
fixed length control field 150201s2002 xx 000 0 und d
082 ## - DEWEY DECIMAL CLASSIFICATION NUMBER
Classification number 610.7
Item number M2002P
100 ## - MAIN ENTRY--PERSONAL NAME
Personal name PARULRKAR
245 ## - TITLE STATEMENT
Title TEXT BOOK FOR MIDWIVES
250 ## - EDITION STATEMENT
Edition statement 2ND
260 ## - PUBLICATION, DISTRIBUTION, ETC. (IMPRINT)
Name of publisher, distributor, etc. VORA MEDICAL PUBLICATION
Place of publication, distribution, etc. DELHI
Date of publication, distribution, etc. 2002
300 ## - PHYSICAL DESCRIPTION
Extent 1-721
650 ## - SUBJECT ADDED ENTRY--TOPICAL TERM
Topical term or geographic name as entry element GYNAECOLOGY
942 ## - ADDED ENTRY ELEMENTS (KOHA)
Source of classification or shelving scheme Dewey Decimal Classification
Koha item type Books
Holdings
Withdrawn status Lost status Source of classification or shelving scheme Damaged status Not for loan Home library Current library Date acquired Source of acquisition Cost, normal purchase price Serial Enumeration / chronology SGTU Bill Number Total Checkouts Full call number Barcode Date last seen Bill Date Koha item type
    Dewey Decimal Classification     SGT Dental Library SGT Dental Library 18/02/2008 U.B.S.DELHI 220.00 1 SGTU 1023   610.7 M2002P FD5207 09/02/2015 21/01/2013 Books
    Dewey Decimal Classification     SGT Dental Library SGT Dental Library 18/02/2008 U.B.S.DELHI 220.00 1 SGTU 1023   610.7 M2002P FD5208 09/02/2015 21/01/2013 Books
    Dewey Decimal Classification     SGT Dental Library SGT Dental Library 18/02/2008 U.B.S.DELHI 220.00 1 SGTU 1023   610.7 M2002P FD5209 09/02/2015 21/01/2013 Books
    Dewey Decimal Classification     SGT Dental Library SGT Dental Library 10/06/2008 U.B.S.DELHI 220.00 1 SGTU 1023   610.7 M2002P FD5309 09/02/2015 04/02/2013 Books
    Dewey Decimal Classification     SGT Dental Library SGT Dental Library 10/06/2008 U.B.S.DELHI 220.00 1 SGTU 1023   610.7 M2002P FD5310 09/02/2015 04/02/2013 Books
    Dewey Decimal Classification     SGT Dental Library SGT Dental Library 10/06/2008 U.B.S.DELHI 220.00 1 SGTU 1023   610.7 M2002P FD5311 09/02/2015 04/02/2013 Books